Fr. Conceicao Rodrigues College of Engineering

''''C'''' Programming (Record no. 25544)

MARC details
000 -LEADER
fixed length control field 00241nam a2200121Ia 4500
100 ## - MAIN ENTRY--PERSONAL NAME
Personal name Niit
245 ## - TITLE STATEMENT
Title ''''C'''' Programming
260 ## - PUBLICATION, DISTRIBUTION, ETC.
Name of publisher, distributor, etc. Time-life books
490 ## - SERIES STATEMENT
Volume/sequential designation II
546 ## - LANGUAGE NOTE
Language note ENGLISH
654 ## - SUBJECT ADDED ENTRY--FACETED TOPICAL TERMS
Focus term 'C' Programming
942 ## - ADDED ENTRY ELEMENTS (KOHA)
Koha item type Reference Book
Holdings
Withdrawn status Lost status Damaged status Not for loan Collection Home library Current library Shelving location Date acquired Source of acquisition Total Checkouts Full call number Barcode Date last seen Price effective from Koha item type
        AFT Fr. Agnel's C.Rodrigues College of Engineering Fr. Agnel's C.Rodrigues College of Engineering   17/03/2023 X   AFT7041 17/03/2023   Reference Book